Random cities that start with the letter ''g''. - Statistics

General Stats
  • This quiz has been taken 21 times
  • The average score is 9 of 21
Answers on the Map
Answers color-coded by a green-red scale on the quiz's map according to % correct below.
 
Answer Stats
city % Correct
Glasgow
95%
Guatemala City
90%
Guadalajara
85%
Guangzhou
80%
George Town
75%
Georgetown
75%
Gaza
65%
Guayaquil
60%
Gaziantep
45%
Goiania
35%
Greensboro
35%
Gaborone
25%
Gwangju
25%
Gitega
20%
Gujranwala
20%
Guiyang
10%
Ganzhou
5%
Guwahati
5%
Gwalior
5%
Guigang
0%
Guilin
0%
No matching quizzes found
Score Distribution
Percent of People with Each Score
Percentile by Number Answered
Your Score History
You have not taken this quiz